Statistics for Largest Cities in Europe With 4 Letters or Less

Click here to take the quiz!

General Stats

  • This quiz has been taken 211 times
  • The average score is 15 of 28

Answer Stats

#PopulationCountryAnswer% Correct
13,500,000UkraineKiev
99%
23,450,000ItalyRome
98%
41,230,000NorwayOslo
95%
32,000,000FranceLyon
92%
12424,734SwitzerlandBern
90%
7955,154FranceNice
85%
10663,012LatviaRiga
85%
26208,669IrelandCork
77%
8717,273UkraineL'viv
68%
14398,510Czech RepublicBrno
65%
15352,388AustriaGraz
63%
9670,642PolandLodz
61%
19316,140ItalyBari
56%
22273,387AustriaLinz
54%
16331,885GermanyBonn
53%
61,100,000RussiaPerm
51%
51,220,000RussiaUfa
48%
24210,271FinlandOulu
41%
17325,300GermanyKiel
40%
20303,000RomaniaIași
31%
21290,554FranceMetz
30%
18321,748SpainVigo
30%
25208,786FranceCaen
26%
13416,219RussiaTver'
21%
11473,622RussiaTula
20%
27208,172BelgiumMons
18%
28201,784FrancePau
13%
23256,474UkraineSumy
13%

Score Distribution

Percentile by Number Answered

Percent of People with Each Score

Your Score History

You have not taken this quiz